Oceňovanie cudzej meny a jej účtovanie v sústave podvojného účtovníctva

Pokračovanie príspevku z predchádzajúceho čísla. Komplexný príklad, v ktorom je znázornené praktické účtovanie majetku a záväzkov v cudzej mene.

Salvato in:
Dettagli Bibliografici
Autore principale: Pakšiová, Renáta, 1974-
Natura: Capitolo di libro
Lingua:slovacco
Soggetti:
Tags: Aggiungi Tag
Nessun Tag, puoi essere il primo ad aggiungerne!!

MARC

LEADER 00000naa a2200000 4500
001 0160602
005 20240502072803.1
041 0 |a slo 
044 |a SK 
245 1 0 |a Oceňovanie cudzej meny a jej účtovanie v sústave podvojného účtovníctva  |c Renáta Pakšiová 
520 |a Pokračovanie príspevku z predchádzajúceho čísla. Komplexný príklad, v ktorom je znázornené praktické účtovanie majetku a záväzkov v cudzej mene. 
610 2 0 |a oceňovanie 
610 2 0 |a majetok 
610 2 0 |a záväzky 
610 2 0 |a účtovanie 
610 2 0 |a účtovníctvo podvojné 
100 1 |a Pakšiová, Renáta, 1974-